000 00587nam a2200229Ia 4500
003 OSt
005 20220923230753.0
006 a|||||r|||| 00| 0
007 ta
008 Pun
024 _a305,434
037 _cTextual
040 _aARTS
_cARTS
_bPun
041 _2Pun
_aPun
082 _aQ8441:33:g, 153L8
100 _aਪ੍ਰੀਤਮ, ਮਸਤਾਨਾ
245 0 _aਸਾਡੇ ਗੁਰਦੇਵ
260 _c1978
650 _aਧਰਮ
942 _hQ8441:33:g, 153L8
_cTEXL
_2CC
999 _c387226
_d387226